La revolución, investigaciones históricas acerca de la propaganda del mal en Europa, desde el Renacimiento hasta nuestros días

Detalles Bibliográficos
Autor principal: GAUME ( Monseñor )
Formato: Libro
Publicado: México 1868
Materias:
Colección:Banco de datos
Acervo:Biblioteca del Ex Convento de Nuestra Señora de Guadalupe. Zacatecas
Descripción Física:t. II
Tema general:Historia Civil
Notas:Buena. XVIII,3,17 (5767). Encuadernado con el tomo I
LEADER 00798nam a22002050004500
035 |a 44109 
036 |a 5293 
100 1 |a GAUME ( Monseñor ) 
245 1 0 |a La revolución, investigaciones históricas acerca de la propaganda del mal en Europa, desde el Renacimiento hasta nuestros días 
260 |a México  |b imp. M. Villanueva  |c 1868 
300 |a t. II 
500 |a Buena. XVIII,3,17 (5767). Encuadernado con el tomo I 
650 1 0 |a Historia Civil 
949 |a CRZ-CG 
959 |a Ex convento de Nuestra Señora de Guadalupe, Museo Regional de Zacatecas, Zacatecas  |b CCC4 
960 |a Convento de Nuestra Señora de Guadalupe, Zacatecas  |b DD87 
961 |a Franciscana  |b OF 
942 |c CRZ-CG 
943 |g Biblioteca del Ex Convento de Nuestra Señora de Guadalupe. Zacatecas 
999 |c 968236  |d 968236